Kríza zošrotovala ekonomické teórie

Nové ekonomické teórie len opatrne identifikujú príčiny a dôsledky terajšej hospodárskej krízy. Ohniskom hospodárskej krízy je politika a ekonomika USA. Opatrenia na podporu domácej ekonomiky vychádzajú z amerického systému života. Dopad hospodárskej krízy na Európu. Recesia na Slovensku - malá expo...

Descrizione completa

Salvato in:
Dettagli Bibliografici
Autore principale: Hölcz, Róbert
Natura: Capitolo di libro
Lingua:slovacco
Soggetti:
Tags: Aggiungi Tag
Nessun Tag, puoi essere il primo ad aggiungerne!!

MARC

LEADER 00000naa$a2200000$$$4500
001 0097427
005 20231006123341.9
041 0 |a slo 
044 |a SK 
245 1 0 |a Kríza zošrotovala ekonomické teórie  |c Róbert Hölcz 
520 |a Nové ekonomické teórie len opatrne identifikujú príčiny a dôsledky terajšej hospodárskej krízy. Ohniskom hospodárskej krízy je politika a ekonomika USA. Opatrenia na podporu domácej ekonomiky vychádzajú z amerického systému života. Dopad hospodárskej krízy na Európu. Recesia na Slovensku - malá exportne orientovaná krajina závislá od hospodárskeho vývoja na svete. Prepad domáceho hrubého produktu. Prečo Slovensku kríza ublížila viac ako susednému Česku. Dôležitosť revidovania štátneho rozpočtu. 
610 2 0 |a kríza finančná 
610 2 0 |a kríza hospodárska 
610 2 0 |a recesia 
610 2 0 |a produkt domáci hrubý 
610 2 0 |a vývoz 
610 2 0 |a nezamestnanosť 
610 2 0 |a administratíva 
610 2 0 |a štát 
610 2 0 |a USA 
610 2 0 |a Slovensko 
100 1 |a Hölcz, Róbert